[Event "GRE-chT 39th"]
[Site "Eretria"]
[Date "2011.07.03"]
[Round "1.16"]
[White "Lagopatis, Nikolaos"]
[Black "Pantazis, Konstantinos"]
[Result "1-0"]
[WhiteElo "2181"]
[BlackElo "1628"]
[PlyCount "55"]
[EventDate "2011.07.03"]
[EventType "team-swiss"]
[EventRounds "7"]
[EventCountry "GRE"]
[SourceTitle "CBM 143 Extra"]
[Source "ChessBase"]
[SourceDate "2011.08.29"]
[SourceVersion "1"]
[SourceVersionDate "2011.08.29"]
[SourceQuality "1"]
[WhiteTeam "Ptolemaida Ptolemaios"]
[BlackTeam "Kalamata Chess Union"]
[WhiteTeamCountry "GRE"]
[BlackTeamCountry "GRE"]

1. e4 c6 2. d3 d5 3. Nd2 Nd7 4. Ngf3 dxe4 5. dxe4 Qc7 6. Bc4 Ngf6 7. 0-0 e6 8. a4 a5 9. Re1 Bd6 10. h3 0-0 11. Qe2 Ne5 12. Nxe5 Bxe5 13. Nf3 Bf4 14. e5 Bxc1 15. Raxc1 Nd5 16. Qe4 Ne7 17. Bd3 Ng6 18. Qg4 f5 19. exf6 Rxf6 20. Qh5 Nf8 21. Re5 Bd7 22. Rce1 Be8 23. Qg4 Bf7 24. b3 Rd8 25. h4 Qb8 26. Rxa5 Qf4 27. Qxf4 Rxf4 28. Re3 1-0